00705cam a22002172 45000010005000000030008000050050017000130080039000300350017000690400042000860410008001280820018001361000047001542450077002012600036002783000027003144900044003415040031003856500027004168300044004435834BD RJUL20211208234134.007 s1954 nyua b 001 0 eng aBD RJUL 5873 aDLCcWSUdOCLdSERdBD RJUL 5873beng aeng a351bMIM 19541 aMillett, John D.q(John David),d1912-199310aManagement in the public service :bthe quest for effective performance. aNew York :bMcGraw-Hill,c1954. a417 p.billus.c24 cm.1 aMcGraw-Hill series in political science aBibliographical footnotes. 0aPublic administration. 0aMcGraw-Hill series in political science